ARRUPE JESUIT UNIVERSITY

CORONAVIRUS -STOP THE SPREAD - CLEAN,DISINFECT,COVER

Macropolitics of nineteenth-century literature : (Record no. 126779)

MARC details
000 -LEADER
fixed length control field 01250pam a2200313 a 4500
001 - CONTROL NUMBER
control field 1526911
003 - CONTROL NUMBER IDENTIFIER
control field ARRUPE
005 - DATE AND TIME OF LATEST TRANSACTION
control field 20170825092215.0
008 - FIXED-LENGTH DATA ELEMENTS--GENERAL INFORMATION
fixed length control field 900725s1991 pau b 001 0 eng
010 ## - LIBRARY OF CONGRESS CONTROL NUMBER
LC control number 90044874
020 ## - INTERNATIONAL STANDARD BOOK NUMBER
International Standard Book Number 0812282086
040 ## - CATALOGING SOURCE
Original cataloging agency DLC
Transcribing agency DLC
Modifying agency DLC
050 00 - LIBRARY OF CONGRESS CALL NUMBER
Classification number PN761
Item number .M23 1991
082 00 - DEWEY DECIMAL CLASSIFICATION NUMBER
Classification number 809/.93358/09034
Edition number 20
300 ## - PHYSICAL DESCRIPTION
Dimensions 24 cm.
245 00 - TITLE STATEMENT
Title Macropolitics of nineteenth-century literature :
Remainder of title nationalism, exoticism, imperialism /
Statement of responsibility, etc edited by Jonathan Arac and Harriet Ritvo.
260 ## - PUBLICATION, DISTRIBUTION, ETC. (IMPRINT)
Place of publication, distribution, etc Philadelphia :
Name of publisher, distributor, etc University of Pennsylvania Press,
Date of publication, distribution, etc c1991.
300 ## - PHYSICAL DESCRIPTION
Extent vi, 309 p. ;
440 #0 - SERIES STATEMENT/ADDED ENTRY--TITLE
Title New cultural studies series
9 (RLIN) 35239
504 ## - BIBLIOGRAPHY, ETC. NOTE
Bibliography, etc Includes bibliographical references and index.
650 #0 - SUBJECT ADDED ENTRY--TOPICAL TERM
Topical term or geographic name as entry element Literature, Modern
Chronological subdivision 19th century
General subdivision History and criticism.
9 (RLIN) 35240
650 #0 - SUBJECT ADDED ENTRY--TOPICAL TERM
Topical term or geographic name as entry element Nationalism in literature.
9 (RLIN) 35241
650 #0 - SUBJECT ADDED ENTRY--TOPICAL TERM
Topical term or geographic name as entry element Exoticism in literature.
9 (RLIN) 35242
650 #0 - SUBJECT ADDED ENTRY--TOPICAL TERM
Topical term or geographic name as entry element Imperialism in literature.
9 (RLIN) 13439
650 #0 - SUBJECT ADDED ENTRY--TOPICAL TERM
Topical term or geographic name as entry element Romanticism.
9 (RLIN) 9129
700 1# - ADDED ENTRY--PERSONAL NAME
Personal name Arac, Jonathan,
Dates associated with a name 1945-
9 (RLIN) 35243
700 1# - ADDED ENTRY--PERSONAL NAME
Personal name Ritvo, Harriet,
Dates associated with a name 1946-
9 (RLIN) 35244
906 ## - LOCAL DATA ELEMENT F, LDF (RLIN)
a 7
b cbc
c orignew
d 1
e ocip
f 19
g y-gencatlg
942 ## - ADDED ENTRY ELEMENTS (KOHA)
Source of classification or shelving scheme Library of Congress Classification
Koha item type Monograph ( Printed materials)
Holdings
Withdrawn status Lost status Source of classification or shelving scheme Damaged status Not for loan Collection code Home library Current library Shelving location Date acquired Total Checkouts Full call number Barcode Date last seen Price effective from Koha item type
    Library of Congress Classification     Main Collection ARRUPE LIBRARY ARRUPE LIBRARY Main Collection 25/08/2017   PN761 .M23 1991 46500023472 27/03/2019 25/08/2017 Monograph ( Printed materials)

 

Arrupe Library. PO Box MP320 Mt Pleasant, Harare, Zimbabwe
263 242 745411|librarian@aju.ac.zw